Status of environmental education in India (Record no. 492313)

000 -LEADER
fixed length control field 00444cam a22001337a 4500
008 - FIXED-LENGTH DATA ELEMENTS--GENERAL INFORMATION
fixed length control field 180718b1992 xxu||||| |||| 00| 0 eng d
082 ## - DEWEY DECIMAL CLASSIFICATION NUMBER
Classification number PROJ.REP. 1992/WARR
100 ## - MAIN ENTRY--PERSONAL NAME
Personal name Warrier, Meera
245 ## - TITLE STATEMENT
Title Status of environmental education in India
Statement of responsibility, etc. by Meera Warrier and Ashish Kothari
260 ## - PUBLICATION, DISTRIBUTION, ETC.
Place of publication, distribution, etc. New Delhi
Name of publisher, distributor, etc. Indian Institute of Public Administration
Date of publication, distribution, etc. 1992
300 ## - PHYSICAL DESCRIPTION
Extent 86p.
440 ## - SERIES STATEMENT/ADDED ENTRY--TITLE
Title IIPA Working Paper, 1992: 1
700 ## - ADDED ENTRY--PERSONAL NAME
Personal name Kothari, Ashish
Holdings
Withdrawn status Lost status Damaged status Not for loan Permanent Location Current Location Date acquired Full call number Barcode Date last seen Price effective from Koha item type
        Indian Institute of Public Administration Indian Institute of Public Administration 2018-08-04 PROJ.REP. 1992/WARR GR16154 2018-08-04 2018-08-04 GR

Powered by Koha